000 00503nam a22001817a 4500
003 NUST - PNEC
005 20170116181137.0
008 151007b xxu||||| |||| 00| 0 eng d
020 _a9781259002113
020 _a125900211X
040 _cLIBRARY
082 _a660.28 PET
100 _914353
_aPeters, Max S.
245 _aPlant design and economics for chemical engineers
_cMax S. Peters
260 _cc.2004
650 _914357
_aChemical plants--Design and construction
_xME
942 _2ddc
_cBK
999 _c70274
_d70274